000 00512nam a2200169 i 4500
001 29963
003 ES-MaACL
005 20230906154121.0
007 t|
008 030123s1935 sp a |||| | spa d
100 1 _aBaroja, Ricardo,
_d1871-1953
_925759
245 1 3 _aLa Nao "Capitana"
_b: cuento espaƱol del mar antiguo /
_cRicardo Baroja ; dibujos del autor.
260 _aMadrid :
_bEspasa Calpe,
_c1935.
300 _a214 p. :
_bil. ;
_c23 cm.
852 _aES-MaACL
_jA-4318
999 _c29963
_d29963